Bồ câu chung mái vòm (Tập truyện ngắn)
Αποθηκεύτηκε σε:
| Κύριος συγγραφέας: | |
|---|---|
| Μορφή: | Βιβλίο |
| Γλώσσα: | Undetermined |
| Έκδοση: |
Thành phố Hồ Chí Minh
Trẻ
2014
|
| Θέματα: | |
| Ετικέτες: |
Προσθήκη ετικέτας
Δεν υπάρχουν, Καταχωρήστε ετικέτα πρώτοι!
|
| Thư viện lưu trữ: | Trung tâm Học liệu Trường Đại học Cần Thơ |
|---|
| LEADER | 00636nam a2200205Ia 4500 | ||
|---|---|---|---|
| 001 | CTU_196784 | ||
| 008 | 210402s9999 xx 000 0 und d | ||
| 020 | |c 75000 | ||
| 082 | |a 895.92234 | ||
| 082 | |b D561 | ||
| 100 | |a Dương Thụy | ||
| 245 | 0 | |a Bồ câu chung mái vòm (Tập truyện ngắn) | |
| 245 | 0 | |c Dương Thụy | |
| 260 | |a Thành phố Hồ Chí Minh | ||
| 260 | |b Trẻ | ||
| 260 | |c 2014 | ||
| 650 | |a Short stories, Vietnamese,Truyện ngắn, Việt Nam | ||
| 650 | |y 21st century,Thế kỷ 21 | ||
| 904 | |i Nguyên | ||
| 980 | |a Trung tâm Học liệu Trường Đại học Cần Thơ | ||